Movies Quiz

Random Movies or Role Quiz

Mel Brooks Movies Quiz Stats

 Plays Quiz Updated Aug 6, 2019

Score 0/11 Timer 03:00
5 Plays Today
Year Movie % Correct
1974Blazing Saddles
90.2%
1974Young Frankenstein
86.8%
1987Spaceballs
86.6%
1981History of the World: Part I
71.6%
1993Robin Hood: Men in Tights
68%
1968The Producers
52.2%
1976Silent Movie
36.2%
1995Dracula: Dead and Loving It
35.8%
1977High Anxiety
32.4%
1970The Twelve Chairs
15.1%
1991Life Stinks
13.2%

You're not logged in!

Compare scores with friends on all Sporcle quizzes.
OR
Log In

Sporcle TV

Today on Sporcle TV


Watch our educational content, quiz creation guides, and fun videos on Sporcle TV.

Show Comments

Extras

Top Quizzes Today


Score Distribution

Your Account Isn't Verified!

In order to create a playlist on Sporcle, you need to verify the email address you used during registration. Go to your Sporcle Settings to finish the process.

Report this User

Report this user for behavior that violates our Community Guidelines.

Details: